Akapuruko no k¯oekisen Gareon ten (Record no. 1935)

MARC details
000 -CABECERA
campo de control de longitud fija 01125nam a2200229 a 4500
001 - NÚMERO DE CONTROL
campo de control BRCA_2179
005 - FECHA Y HORA DE LA ÚLTIMA TRANSACCIÓN
campo de control 20190320203713.0
008 - DATOS DE LONGITUD FIJA--INFORMACIÓN GENERAL
campo de control de longitud fija 891130s1988####ja-a######---f000-0#jpn-#
041 ## - CÓDIGO DE LENGUA
Código de lengua del texto/banda sonora o título independiente jpnspa
044 ## - CÓDIGO DEL PAÍS DE LA ENTIDAD EDITORA/PRODUCTORA
Código MARC del país ja
050 #4 - SIGNATURA TOPOGRÁFICA DE LA BIBLIOTECA DEL CONGRESO
Número de clasificación HE859
Número de documento/Ítem .A54 1988
245 10 - MENCIÓN DE TÍTULO
Título Akapuruko no k¯oekisen Gareon ten
Resto del título Nichi-Boku Sh¯uk¯o Ts¯ush¯o J¯oyaku teiketsu hyakush¯unen kinen = El Galeon de Acapulco
Mención de responsabilidad, etc. [hensh¯u Ch¯unichi Mekishiko Gassh¯ukoku Taishikan ; hensh¯u ky¯oryoku MOA Bijutsukan, Sendai-shi Hakubutsukan].
260 ## - PUBLICACIÓN, DISTRIBUCIÓN, ETC.
Lugar de publicación, distribución, etc. [Tokyo]
Nombre del editor, distribuidor, etc. Ch¯unichi Mekishiko Gassh¯ukoku Taishikan
Fecha de publicación, distribución, etc. 1988
300 ## - DESCRIPCIÓN FÍSICA
Extensión 1 v. (sin paginación)
Otras características físicas il. (algunas a color)
Dimensiones 24 cm.
500 ## - NOTA GENERAL
Nota general Catálogo de la exposición llevada a cabo en MOA Bijutsukan, 10-25 julio, 1988 y en Sendai-Shi Hakubutsukan, 13 agosto - 4 septiembre, 1988
500 ## - NOTA GENERAL
Nota general Incluye piezas de la colección Franz Mayer: p. [12, 16, 18-23]
546 ## - NOTA DE LENGUA/LENGUAJE
Nota de lengua/lenguaje Texto en : japonés, descripción de láminas en español
650 14 - PUNTO DE ACCESO ADICIONAL DE MATERIA--TÉRMINO DE MATERIA
Término de materia o nombre geográfico como elemento de entrada Arte mexicano
Subdivisión de forma Exposiciones
9 (RLIN) 6578
650 14 - PUNTO DE ACCESO ADICIONAL DE MATERIA--TÉRMINO DE MATERIA
Término de materia o nombre geográfico como elemento de entrada Arte colonial
Subdivisión de forma Exposiciones
Subdivisión geográfica México
9 (RLIN) 3637
740 0# - PUNTO DE ACCESO ADICIONAL--TÍTULO RELACIONADO O ANALÍTICO NO CONTROLADO
Título relacionado o analítico no controlado El Galeón de Acapulco
942 ## - ELEMENTOS DE PUNTO DE ACCESO ADICIONAL (KOHA)
Fuente del sistema de clasificación o colocación Library of Congress Classification
Tipo de ítem Koha Libros
Holdings
Estado de retiro Estado de pérdida Estado dañado No para préstamo Localización permanente Ubicación/localización actual Fecha de adquisición Total de préstamos Signatura topográfica completa Código de barras Fecha visto por última vez Precio válido a partir de Tipo de ítem Koha
El ejemplar forma parte de la colección y puede ser consultado según las políticas vigentes.       Biblioteca del Museo Franz Mayer (Rogerio Casas-Alatriste) Biblioteca del Museo Franz Mayer (Rogerio Casas-Alatriste) 14/08/2008   HE859 .A54 1988 01233 22/03/2019 22/03/2019 Libros